000 00399nam a2200169Ia 4500
001 21768
003 IN-NITTTR
005 20251114233247.0
008 251113s9999||||xx |||||||||||||| ||eng||
040 _beng
040 _cIN-NITTTR
041 _aeng
082 _a621.381 N164R
100 _aNarayana Rao, B. V.
245 0 _aPrinciples of electronics /
_cNarayana Rao, B. V.
942 _2ddc
_cBK
999 _c24398
_d24398